Ideología, ciencia y geografía humana /

Entre los geógrafos, se desarrolló a lo largo del decenio de los setenta una creciente insatisfacción ante la reducción de la geografía al análisis espacial. La presente obra se propone asimilar y desarrollar los profundos cambios metodológicos y epistemológicos habidos, desde una concepción tradici...

Full description

Bibliographic Details
Main Author: Gregory, Derek 1951-
Format: Libro
Language:Spanish
Published: Barcelona Oikos-tau 1984
Edition:1a. ed.
Series:Oikos-sup / geografía 2
Subjects:
Online Access:

MARC

LEADER 00000nam a2200000 a 4500
001 004522
003 UAHC_CL
005 20170803120042.0
008 010703s1984 sp 000 0 spa d
020 |a 8428105480 
040 |a UAHC_CL  |c UAHC_CL  |d UAHC_CL 
100 1 |a Gregory, Derek  |d 1951- 
245 1 0 |a Ideología, ciencia y geografía humana /  |c Derek Gregory. 
250 |a 1a. ed. 
260 |b Oikos-tau  |c 1984  |a Barcelona 
300 |a 300 p. 
490 0 |a Oikos-sup / geografía  |v 2 
504 |a Bibliografâia: p. 285-300. 
520 |a Entre los geógrafos, se desarrolló a lo largo del decenio de los setenta una creciente insatisfacción ante la reducción de la geografía al análisis espacial. La presente obra se propone asimilar y desarrollar los profundos cambios metodológicos y epistemológicos habidos, desde una concepción tradicional o positivista hasta una formulación explícitamente crítica de la geografía, en la perspectiva de las ciencias sociales. Para el autor, el compromiso de la "nueva geografía" con los paradigmas de las ciencias de la naturaleza no fue otra cosa que la reafirmación de la tradición geográfica victoriana. Las consecuencias ideológicas de todo ello se debaten en relación con los cambios recientes de las ciencias de la sociedad, y en la obra se arguye que una geografía científica debe proporcionar explicaciones que sean a un tiempo estructurales, reflexivas y comprometidas. AI interrogarse sobre muchas de las presunciones cuantitativas, el autor se propone, por encima de todo, reintegrar al hombre en el estudio de la geografía. 
521 |a Teoría geográfica 
521 |a Epistemología y Ontología del Espacio Geográfico 
534 |a Ideology, science and human geiography 
650 4 |a IDEOLOGIA 
650 4 |a GEOGRAFIA HUMANA 
653 |a OB. PEDAGOGIA EN HISTORIA Y CIENCIAS SOCIALES 
653 |a OB. GEOGRAFIA 
658 |a Garrido, Marcelo 
659 |a LIBRARQ 
900 |a 304.2 GRE 
942 |c BK 
952 |0 0  |1 0  |4 0  |6 304_200000000000000_GRE  |7 0  |8 General  |9 10179  |a BR  |b BR  |c General  |d 2017-08-03  |l 0  |o 304.2 GRE  |p 1341500  |r 2026-01-14 00:00:00  |t 1  |w 2017-08-03  |y BK 
952 |0 0  |1 0  |4 0  |6 304_200000000000000_GRE  |7 0  |8 General  |9 10180  |a BC  |b BC  |c General  |d 2017-08-03  |l 0  |o 304.2 GRE  |p 1341502  |r 2026-01-13 00:00:00  |t 2  |w 2017-08-03  |y BK 
952 |0 0  |1 0  |4 0  |6 304_200000000000000_GRE  |7 0  |8 General  |9 10181  |a BC  |b BC  |c General  |d 2017-08-03  |l 0  |o 304.2 GRE  |p 1341503  |r 2026-01-13 00:00:00  |t 3  |w 2017-08-03  |y BK 
952 |0 0  |1 0  |4 0  |6 304_200000000000000_GRE  |7 0  |8 General  |9 10182  |a BC  |b BC  |c General  |d 2017-08-03  |l 0  |o 304.2 GRE  |p 1341504  |r 2026-01-13 00:00:00  |t 4  |w 2017-08-03  |y BK 
952 |0 0  |1 0  |4 0  |6 304_200000000000000_GRE  |7 0  |8 General  |9 10183  |a BC  |b BC  |c General  |d 2017-08-03  |o 304.2 GRE  |p 1345670  |r 2026-01-13 00:00:00  |t 1  |w 2017-08-03  |y BK 
952 |0 0  |1 0  |4 0  |6 304_200000000000000_GRE  |7 0  |8 General  |9 10184  |a BC  |b BC  |c General  |d 2017-08-03  |o 304.2 GRE  |p 1345671  |r 2026-01-13 00:00:00  |t 2  |w 2017-08-03  |y BK 
952 |0 0  |1 0  |4 0  |6 304_200000000000000_GRE  |7 0  |8 General  |9 10185  |a BC  |b BC  |c General  |d 2017-08-03  |o 304.2 GRE  |p 1364589  |r 2026-01-13 00:00:00  |t 3  |w 2017-08-03  |y BK 
952 |0 0  |1 0  |4 0  |6 304_200000000000000_GRE  |7 0  |8 General  |9 10186  |a BC  |b BC  |c General  |d 2017-08-03  |o 304.2 GRE  |p 1364590  |r 2026-01-13 00:00:00  |t 4  |w 2017-08-03  |y BK 
999 |c 4522  |d 4522